000 00880nmc a2200313 a 4500
003 AR-BaBNM
005 20251128202714.0
008 075020s2004 ||||||||||||||000 | spa||
020 _a950-802-189-6
040 _cAR-BaBNM
245 1 0 _aAlternativas de la diversidad social
_blas personas con discapacidad
250 _a1ª ed.
260 _aBuenos Aires
_c2004
_bEspacio
300 0 _a270 p.
490 0 _aDidáctica
504 _aBibliografía general en p. 259-268
650 4 _aEDUCACION ESPECIAL
650 4 _aDATOS ESTADISTICOS
650 4 _aADULTOS
650 4 _aTRABAJO SOCIAL
653 0 _aDISCAPACITADOS
653 0 _aEDUCACION EN LA DIVERSIDAD
653 0 _aRESILIENCIA
700 1 _aDell'Anno, Amelia
_ecoordinador
700 1 _aCorbacho, Mario Eduardo
_ecoordinador
700 1 _aSerrat, Mario
_ecoordinador
942 _cBK
998 _cme-solo cat
999 _c198
_d198